000 00627nam a2200229Ia 4500
003 OSt
005 20221006164118.0
006 a|||||r|||| 00| 0
007 ta
008 221006b |||||||| |||| 00| 0 eng d
024 _a3,262
037 _cTextual
040 _aFML
_cFML
_beng
041 _2eng
_aeng
082 _aNR(Y7445265), [M7]
100 _aUpreti Mohan Au.
_9676629
245 0 _aMalushahi
_b The Ballad of Kumaon
260 _aDelhi
_bSangeet Natak Acadmy
_c1997
300 _a73
_ccm.
942 _hNR(Y7445265), [M7]
_cTEXL
_2CC
999 _c1116260
_d1116260